Winning at new products: accelerating the process from idea to launch

Guardat en:
Dades bibliogràfiques
Autor principal: Cooper, Robert G (Autor)
Format: Llibre
Idioma:anglès
Publicat: Nueva York Basic Books 2001
Edició:1a. ed
Matèries:
Etiquetes: Afegir etiqueta
Sense etiquetes, Sigues el primer a etiquetar aquest registre!

MARC

LEADER 00000nam a2200000 a 4500
001 UCI1036
003 CL-VaPUC
008 070615e20010000US |||||||||||||||||eng|d
020 |a 9780738204635 
082 0 4 |a 658.575  |b COO  |2 21 
100 0 |a Cooper, Robert G  |e author  |9 521309 
245 1 0 |a Winning at new products: accelerating the process from idea to launch 
250 |a 1a. ed 
300 |a 425 p 
942 |c BK 
945 |d 20070615 00:00:00  |a jtorresc 
260 |a Nueva York  |b Basic Books  |c 2001 
650 7 |a GERENCIA DE PRODUCTOS  |2 CL-VaPUC  |9 521310 
650 7 |a PRODUCTOS NUEVOS  |2 CL-VaPUC  |9 329236 
650 0 |a Comercialización   |9 259326 
650 0 |a Marketing  |9 259324 
650 0 |a Investigación y desarrollo (I+D)  |9 324714 
583 |a last modification  |c 20070615 00:00:00  |k Rodrigo Vera 
999 |c 325954  |d 325952 
952 |0 0  |1 0  |4 0  |6 658_575000000000000_COO_2001  |7 0  |8 A  |9 407502  |a BIBENE  |b BIBENE  |d 2019-11-22  |i 4348699  |o 658.575 COO 2001  |p 4348699  |r 2025-01-15  |w 2019-11-22  |y BK  |k ICO